| 000 | 00000nam##2200000za#4500 |
| 001 | 9.697828 |
| 003 | CaOODSP |
| 005 | 20210624235644 |
| 007 | cr ||||||||||| |
| 008 | 150407|2001||||xxc|||||o f|0| 0 eng|d |
| 040 | |aCaOODSP|beng |
| 043 | |an-cn--- |
| 086 | 1 |aRH64-38/2001E-PDF |
| 110 | 1 |aCanada. |bHuman Resources Development Canada. |
| 245 | 14|aThe design of summative evaluations for the Employment Benefits and Support Measures (EBSM) / |h[electronic resource]|c[by] Walter Nicholson. |
| 260 | |aOttawa - Ontario : |bHuman Resources Development Canada |cSeptember 2001. |
| 300 | |a42p.|breferences, tables |
| 590 | |a13-12-Supp|b2013-05-10 |
| 775 | 08|tLa conception des évaluations sommatives pour les prestations d'emploi et mesures de soutien (PEMS) / |w(CaOODSP)9.641830 |
| 856 | 40|ahttp://publications.gc.ca|qPDF|s259 KB|uhttps://publications.gc.ca/collections/collection_2013/rhdcc-hrsdc/RH64-38-2001-eng.pdf |
| 986 | |aSP-AH168-09-01E |